Statistiche per Marcatori della Spagna agli Europei - Francia 2016

Clicka qui per fare il quiz!

Statistiche generali

  • Questo quiz è stato fatto 3 volte
  • Il punteggio medio è 4 su 5

Statistiche sulle risposte

PartitaMinutoMarcatore% Corretto
Spagna - Turchia 3-034'Álvaro Morata
100%
Spagna - Turchia 3-048'Álvaro Morata
100%
Croazia - Spagna 2-17'Álvaro Morata
100%
Spagna - Repubblica Ceca 1-087'Gerard Piqué
67%
Spagna - Turchia 3-037'Nolito
0%

Distribuzione punteggi

Percentile per numero di risposta

Percentuale di utenti per punteggio

I tuoi punteggi nel tempo

Non hai fatto questo quiz